Špecifiká zahraničnoobchodnej politiky EÚ voči Strednej Ázii

Postavenie regiónu Strednej Ázie v zahraničnoobchodnej politike EÚ na základe zhodnotenia pozície EÚ v regióne a analýzy vzájomných obchodných vzťahov.

Enregistré dans:
Détails bibliographiques
Auteur principal: Drieniková, Kristína, 1982-
Format: Chapitre de livre
Langue:slovaque
Sujets:
Tags: Ajouter un tag
Pas de tags, Soyez le premier à ajouter un tag!

MARC

LEADER 00000naa$a2200000$$$4500
001 0249636
005 20240502074007.9
041 0 |a slo 
044 |a SK 
245 1 0 |a Špecifiká zahraničnoobchodnej politiky EÚ voči Strednej Ázii  |c Kristína Drieniková 
520 |a Postavenie regiónu Strednej Ázie v zahraničnoobchodnej politike EÚ na základe zhodnotenia pozície EÚ v regióne a analýzy vzájomných obchodných vzťahov. 
610 2 0 |a politika zahraničnoobchodná 
610 2 0 |a Európska únia 
610 2 0 |a stredná Ázia 
610 2 0 |a obchod 
610 2 0 |a investovanie 
100 1 |a Drieniková, Kristína, 1982-